000 00343nam a22001331a 4500
999 _c162093
_d162093
082 _a954.003
_bSAC/D
245 _aA dictionary of Indian history /
_cby Sachidananda Bhattacharya.
260 _aNew Delhi:
_bCosmo,
_c
300 _a888p.
650 _aHistory
650 _aHistory India Dictionary
650 _aHistory India
942 _cBK